Cheesy Laughy Taffy Jokes Quiz Stats

 Plays Quiz not verified by Sporcle

Challenge
Share
Tweet
Embed
Score 0/10 Timer 08:00
0 Plays Today
Joke Answer % Correct
Where do cows go to have fun?The Moo-vies
82.4%
What do you call a happy cherry?A merry cherry
52.9%
What animal talks the most?A Yak
47.1%
How do you make an orange laugh?Tickle its navel
23.5%
Why was the cop in bed?Because he was an undercover cop
23.5%
What would you do without your memories?Forget
17.6%
Where did the dentist go on vacation?To the mouth of mississippi
11.8%
Which garden has the most vegetables?Flash Garden
11.8%
What did the noodles say to the butter?Don't try and butter me up
11.8%
What is a hermit?A girls baseball glove
11.8%

You're not logged in!

Compare scores with friends on all Sporcle quizzes.
OR
Log In

You Might Also Like...

Show Comments

Extras

Created May 9, 2016ReportNominate
Tags:candy, jokes

Top Quizzes Today


Score Distribution

Your Account Isn't Verified!

In order to create a playlist on Sporcle, you need to verify the email address you used during registration. Go to your Sporcle Settings to finish the process.

Report this User

Report this user for behavior that violates our Community Guidelines.

Details: